000 00723cam a22002293a 4500
001 16762
003 PGUSA
005 20140828083346.0
008 050927s2005||||xxu|||||s|||||000 | eng d
040 _aPGUSA
_beng
042 _adc
050 4 _aDA
100 1 _aHolinshed, Raphael
245 1 0 _aChronicles of England, Scotland and Ireland (2 of 6) :
_bEngland (6 of 12) : Richard the First
_h[electronic resource] /
_cRaphael Holinshed
260 _bProject Gutenberg,
_c2005
506 _aPublic domain in the USA.
516 _aElectronic text
653 _aGreat Britain -- History -- Richard I, 1189-1199
830 0 _aProject Gutenberg
_v16762
856 4 0 _uhttp://www.gutenberg.org/ebooks/16762
942 _cEB
999 _c246017
_d246017